Department for Transport (Record no. 106702)

MARC details
000 -LEADER
fixed length control field 01463cam a2200229 4500
001 - CONTROL NUMBER
control field L137240
008 - FIXED-LENGTH DATA ELEMENTS--GENERAL INFORMATION
fixed length control field 070326s2007 xxk f 000 0 eng d
020 ## - INTERNATIONAL STANDARD BOOK NUMBER
International Standard Book Number 9780102944600
035 ## - SYSTEM CONTROL NUMBER
System control number (Sirsi) u137240
041 0# - LANGUAGE CODE
Language code of text/sound track or separate title eng
050 04 - LIBRARY OF CONGRESS CALL NUMBER
Classification number 625.7026 $2 18
110 2# - MAIN ENTRY--CORPORATE NAME
Corporate name or jurisdiction name as entry element National Audit Office
9 (RLIN) 4918
245 00 - TITLE STATEMENT
Title Department for Transport
Remainder of title estimating and monitoring the costs of building roads in England
-- Report by the Comptroller and Auditor General
-- HC 321 Session 2006-2007
Medium [electronic resource]
260 ## - PUBLICATION, DISTRIBUTION, ETC.
Place of publication, distribution, etc. London
Name of publisher, distributor, etc. TSO
Date of publication, distribution, etc. 2007
520 ## - SUMMARY, ETC.
Summary, etc. Considers how the costs of building and improving roads are estimated and monitored from initial forecasts through to the final cost of schemes. Reveals that the DfT has approved expenditure of over £11bn between 1998 and 2021 for the development of new and existing trunk roads and motorways by the Highways Agency, and nearly £1.7bn on major road schemes which are proposed and developed by local authorities. However, as these schemes have cost more than originally estimated, the report recommends improvements to the estimating and management of scheme costs and improvements in the monitoring and management of road schemes.
590 ## - LOCAL NOTE (RLIN)
Local note KA
651 #4 - SUBJECT ADDED ENTRY--GEOGRAPHIC NAME
Geographic name England
Chronological subdivision 886-
690 ## - LOCAL SUBJECT ADDED ENTRY--TOPICAL TERM (OCLC, RLIN)
Topical term or geographic name as entry element PROPERTY-INFRASTRUCTURE-ROAD INFRASTRUCTURE
690 ## - LOCAL SUBJECT ADDED ENTRY--TOPICAL TERM (OCLC, RLIN)
Topical term or geographic name as entry element BUILT ENVIRONMENT-BUILDING COSTS
856 48 - ELECTRONIC LOCATION AND ACCESS
Uniform Resource Identifier <a href="https://www.nao.org.uk/pn/06-07/0607321.htm">https://www.nao.org.uk/pn/06-07/0607321.htm</a>
Public note View the report free of charge at www.nao.org.uk...
942 ## - ADDED ENTRY ELEMENTS (KOHA)
Suppress in OPAC 0
Holdings
Withdrawn status Lost status Source of classification or shelving scheme Damaged status Not for loan Home library Current library Shelving location Date acquired Total Checkouts Full call number Barcode Date last seen Copy number Price effective from Koha item type
    Dewey Decimal Classification     Virtual Virtual Online 26/03/2007   ONLINE PUBLICATION 137240-2001 06/08/2019 1 06/08/2019 Book